[Event "Stay Safe Play From Home 299"]
[Site "Emanuel Lasker Arena"]
[Date "2020.07.13"]
[Round "8"]
[White "Bardellosport"]
[Black "Broken sword"]
[Result "0-1"]
[WhiteElo "2077"]
[BlackElo "2416"]
[Annotator "TA"]
[PlyCount "94"]
[EventDate "2020.07.13"]
[EventType "swiss (blitz)"]

{[%evp 9,94,-17,0,-18,-14,-42,-42,-44,-38,-46,50,-61,0,-31,-33,-76,-13,-46,-37,-167,-39,-478,-484,-481,-481,-495,-480,-641,-541,-527,-519,-510,-450,-620,-512,-516,-456,-624,-556,-616,-620,-707,-697,-738,-673,-679,-665,-933,-502,-458,-501,-475,125,89,91,85,79,-52,99,99,95,100,179,51,151,163,151,118,291,245,364,0,0,0,8,0,0,-637,-569,-1996,-721,-5795,-5281,-1810,-1049,-29993,-948]} 1. e4 c5 2. d3 Nc6 3. Nd2 g6 4. Ngf3 Bg7 5. Be2 e6 6. c3 {B40: Sicilian: 2...e6, Unusual lines.} Nge7 7. Qc2 b6 8. O-O {Black is slightly better.} d5 {[#]} 9. g3 $146 ({Predecessor:} 9. Rd1 Bb7 10. Nf1 Qc7 11. Bg5 Rc8 12. Qd2 O-O 13. Bh6 Rfd8 14. Bxg7 Kxg7 15. Qg5 h6 16. Qh4 Ne5 17. Nxe5 Qxe5 18. Qxe7 {1-0 (18) Jenidarchiche,D (1808)-Federzoni,E (1783) Sao Paulo 2016}) 9... dxe4 (9... O-O $15) 10. Nxe4 (10. dxe4 $14 O-O 11. Nc4) 10... Ba6 ({Black should try} 10... O-O $15) 11. Rd1 O-O 12. Bf4 Nf5 (12... e5 $17 13. Bc1 Nd5) 13. h4 Bb7 14. Qd2 (14. Re1 $15) 14... Qd7 (14... e5 $19 15. Be3 Nce7) 15. Ne5 $2 {[%mdl 8192]} (15. g4 $15) 15... Nxe5 $19 16. Bxe5 Bxe5 17. Qg5 Bg7 18. g4 Nd6 19. Nf6+ Bxf6 $1 20. Qxf6 Qd8 21. Qe5 Ne8 22. h5 Qf6 23. Qe3 Nd6 24. g5 Qf5 25. h6 Rad8 26. d4 cxd4 27. Rxd4 e5 28. Rd2 Qf4 29. Qxf4 exf4 30. Rad1 f6 $2 (30... Rde8 $1 $19 {Hoping for ...Ne4.} 31. Ba6 Bxa6 32. Rxd6 Bb7) 31. Rxd6 $16 Rxd6 32. Rxd6 fxg5 {[%mdl 4096] Endgame KRB-KRB} 33. Bg4 (33. Rd7 $16 Rb8 34. f3) 33... Bc8 $2 (33... Re8 $15 {keeps the upper hand.} 34. f3 Kf7) 34. Bxc8 $1 Rxc8 {KR-KR} 35. Rd7 g4 {[#]} (35... a5 $16) 36. Kg2 (36. Rg7+ $1 $18 Kf8 37. Rxh7) 36... Ra8 {[#]} (36... Re8 $14) 37. Rg7+ $1 Kh8 38. Rb7 Rf8 $2 (38... Kg8 $16 39. a3 a5) 39. Rxa7 $18 g3 (39... g5 $142 40. a4 Kg8 41. Rg7+ Kh8) 40. f3 $2 (40. fxg3 $18 {Strongly threatening Rb7.} fxg3 41. c4) 40... Rd8 $11 41. Ra4 g5 42. Re4 Kg8 {And now ...Kf7 would win.} 43. Kh3 $2 {[%mdl 8192]} (43. Re7 $11) 43... Rd6 $19 44. Re8+ Kf7 45. Re1 Rxh6+ 46. Kg2 Re6 47. Kg1 Rxe1+ {What a bad dream for White. Accuracy: White = 33%, Black = 41%.} 0-1

[Event "Stay Safe Play From Home 299"]
[Site "Emanuel Lasker Arena"]
[Date "2020.07.13"]
[Round "8"]
[White "Lazieri3"]
[Black "Sfantul321"]
[Result "1-0"]
[WhiteElo "2068"]
[BlackElo "1970"]
[Annotator "NA RC"]
[PlyCount "101"]
[EventDate "2020.07.13"]
[EventType "swiss (blitz)"]

1. e4 {[%emt 0:00:01]} g6 {[%emt 0:00:00]} 2. e5 {[%emt 0:00:01]} Bg7 {[%emt 0:00:00]} 3. d4 {[%emt 0:00:00]} d6 {[%emt 0:00:01]} 4. exd6 {[%emt 0:00:01]} cxd6 {[%emt 0:00:01]} 5. Be3 {[%emt 0:00:01]} Nf6 {[%emt 0:00:00]} 6. h3 {[%emt 0:00:01]} Nc6 {[%emt 0:00:01]} 7. Qd2 {[%emt 0:00:01]} O-O {[%emt 0:00:02]} 8. Bh6 {[%emt 0:00:01]} Ne8 {[%emt 0:00:01]} 9. h4 {[%emt 0:00:02]} Bxd4 {[%emt 0:00:03]} 10. c3 {[%emt 0:00:02]} Bg7 {[%emt 0:00:01]} 11. h5 {[%emt 0:00:00]} Bf5 {[%emt 0:00:02]} 12. Nf3 {[%emt 0:00:01]} Qc8 {[%emt 0:00:02]} 13. hxg6 {[%emt 0:00:01]} Bxg6 {[%emt 0:00:01]} 14. Bxg7 {[%emt 0:00:00]} Nxg7 {[%emt 0:00:02]} 15. Qh6 {[%emt 0:00:00]} Nf5 {[%emt 0:00:01]} 16. Qh2 {[%emt 0:00:02]} e5 {[%emt 0:00:01]} 17. Bd3 {[%emt 0:00:02]} Qd7 {[%emt 0:00:04]} 18. Bxf5 {[%emt 0:00:06]} Qxf5 {[%emt 0:00:03]} 19. Nbd2 {[%emt 0:00:01]} d5 {[%emt 0:00:01]} 20. Nh4 {[%emt 0:00:01]} Qd3 {[%emt 0:00:03]} 21. Nxg6 {[%emt 0:00:02]} Qxg6 {[%emt 0:00:01]} 22. O-O-O {[%emt 0:00:01]} d4 {[%emt 0:00:01]} 23. Nf3 {[%emt 0:00:01]} Rae8 {[%emt 0:00:02]} 24. Nh4 {[%emt 0:00:02]} Qg5+ {[%emt 0:00:01]} 25. f4 {[%emt 0:00:02]} Qxf4+ {[%emt 0:00:01]} 26. Qxf4 {[%emt 0:00:01]} exf4 {[%emt 0:00:01]} 27. cxd4 {[%emt 0:00:01]} Re4 {[%emt 0:00:01]} 28. d5 {[%emt 0:00:01]} Ne5 {[%emt 0:00:01]} 29. Nf5 {[%emt 0:00:01]} Rd8 {[%emt 0:00:02]} 30. Kb1 {[%emt 0:00:03]} Nc4 {[%emt 0:00:01]} 31. b3 {[%emt 0:00:02]} Ne3 {[%emt 0:00:01]} 32. Nxe3 {[%emt 0:00:01]} fxe3 {[%emt 0:00:01]} 33. Rhe1 {[%emt 0:00:01]} f5 {[%emt 0:00:01]} 34. g3 {[%emt 0:00:01]} Re5 {[%emt 0:00:01]} 35. Rd3 {[%emt 0:00:01]} Rdxd5 {[%emt 0:00:01]} 36. Rxd5 {[%emt 0:00:01]} Rxd5 {[%emt 0:00:01]} 37. Rxe3 {[%emt 0:00:00]} Kf7 {[%emt 0:00:00]} 38. Kc2 {[%emt 0:00:02]} Kf6 {[%emt 0:00:01]} 39. Re8 {[%emt 0:00:01]} Re5 {[%emt 0:00:01]} 40. Rh8 {[%emt 0:00:01]} Kg7 {[%emt 0:00:01]} 41. Rb8 {[%emt 0:00:01]} Re7 {[%emt 0:00:00]} 42. Kd3 {[%emt 0:00:00]} b6 {[%emt 0:00:01]} 43. a4 {[%emt 0:00:01]} Kg6 {[%emt 0:00:00]} 44. b4 {[%emt 0:00:00]} Kg5 {[%emt 0:00:01]} 45. Rg8+ {[%emt 0:00:00]} Kh5 {[%emt 0:00:01]} 46. a5 {[%emt 0:00:00]} bxa5 {[%emt 0:00:01]} 47. bxa5 {[%emt 0:00:00]} h6 {[%emt 0:00:01]} 48. Kd4 {[%emt 0:00:01]} Rb7 {[%emt 0:00:03]} 49. Kd3 {[%emt 0:00:00]} Rb5 {[%emt 0:00:01]} 50. Ke3 {[%emt 0:00:00]} Rxa5 {[%emt 0:00:01]} 51. Kf4 {[%emt 0:00:00] Time (Lag: Av=0.43s, max=0.9s)} 1-0

[Event "Stay Safe Play From Home 299"]
[Site "Emanuel Lasker Arena"]
[Date "2020.07.13"]
[Round "8"]
[White "NeatFox"]
[Black "Klasman"]
[Result "1-0"]
[WhiteElo "1832"]
[BlackElo "1339"]
[Annotator "NA RC"]
[PlyCount "41"]
[EventDate "2020.07.13"]
[EventType "swiss (blitz)"]

1. g4 {[%emt 0:00:01]} d5 {[%emt 0:00:02]} 2. Bg2 {[%emt 0:00:00]} c6 {[%emt 0:00:01]} 3. c4 {[%emt 0:00:00]} Qd7 {[%emt 0:00:01]} 4. cxd5 {[%emt 0:00:00]} cxd5 {[%emt 0:00:02]} 5. Qb3 {[%emt 0:00:00]} Nc6 {[%emt 0:00:03]} 6. Bxd5 {[%emt 0:00:02]} Qxg4 {[%emt 0:00:02]} 7. Bxf7+ {[%emt 0:00:01]} Kd8 {[%emt 0:00:02]} 8. Bxg8 {[%emt 0:00:03]} Qg2 {[%emt 0:00:06]} 9. Bd5 {[%emt 0:00:02]} Qg5 {[%emt 0:00:05]} 10. Qd3 {[%emt 0:00:01]} Bf5 {[%emt 0:00:03]} 11. Be4+ {[%emt 0:00:03]} Kc7 {[%emt 0:00:07]} 12. Bxf5 {[%emt 0:00:02]} Rd8 {[%emt 0:00:02]} 13. Qh3 {[%emt 0:00:14]} e6 {[%emt 0:00:03]} 14. Bxe6 {[%emt 0:00:02]} Bb4 {[%emt 0:00:03]} 15. Nc3 {[%emt 0:00:11]} Rhf8 {[%emt 0:00:03]} 16. d3 {[%emt 0:00:01]} Bxc3+ {[%emt 0:00:02]} 17. bxc3 {[%emt 0:00:01]} Qf6 {[%emt 0:00:03]} 18. Bb2 {[%emt 0:00:02]} Qxf2+ {[%emt 0:00:03]} 19. Kd2 {[%emt 0:00:00]} Qf4+ {[%emt 0:00:02]} 20. Qe3 {[%emt 0:00:00]} Qxe3+ {[%emt 0:00:03]} 21. Kxe3 {[%emt 0:00:00] Time (Lag: Av=0.43s, max=0.5s)} 1-0

[Event "Stay Safe Play From Home 299"]
[Site "Emanuel Lasker Arena"]
[Date "2020.07.13"]
[Round "8"]
[White "Justwatch"]
[Black "Haxhi Baha"]
[Result "0-1"]
[WhiteElo "1703"]
[BlackElo "1992"]
[Annotator "TA"]
[PlyCount "66"]
[EventDate "2020.07.13"]
[EventType "swiss (blitz)"]

{[%evp 10,66,17,20,19,3,12,-36,-15,-16,35,-72,16,-102,-104,-91,-97,-99,-39,-41,411,-83,-81,-88,-75,-89,-52,-72,-73,-302,-295,-623,-592,-650,-34,-34,-36,-36,7,29,29,19,2377,-319,1699,1688,1620,1608,1451,1360,1427,1425,1738,-1341,-1423,-1820,-1615,-29984,-2864]} 1. e4 c5 2. Nf3 Nc6 3. Nc3 g6 4. Bb5 Bg7 5. Bxc6 dxc6 6. d3 b6 {[#] B31: Sicilian: 2...Nc6 3 Bb5 g6.} 7. Bd2 $146 ({Predecessor:} 7. h3 Nh6 8. Be3 f6 9. Qd2 Nf7 10. Nh2 e5 11. O-O-O Be6 12. f4 exf4 13. Bxf4 O-O 14. Nf3 Ne5 15. Kb1 {0-1 (40) Popov,I (2613)-Cheparinov,I (2664) Aix les Bains 2011}) 7... Nf6 8. Ne2 O-O {Black is slightly better.} 9. Ng3 Ng4 (9... Ne8 $11) 10. O-O (10. Bc3 $14) 10... Ne5 ({Black should play} 10... Bxb2 $17 11. Rb1 Bg7) 11. Qc1 (11. Nxe5 $11 Bxe5 12. Bc3) 11... Nxf3+ $17 12. gxf3 Bh3 13. Re1 {[#]} e5 (13... c4 $1 $17 {[%mdl 512]} 14. Rd1 (14. dxc4 Bxb2) 14... cxd3) 14. Bh6 $15 Qh4 $2 {[%mdl 8192]} (14... Qf6 $15 {stays ahead.} 15. Qe3 Rae8) 15. Bxg7 $2 (15. Bg5 $18 Bh6 16. Bxh6 (16. Bxh4 Bxc1 17. Rexc1 f6 $16)) 15... Kxg7 $17 16. Re3 Rae8 17. Qd2 f5 18. exf5 gxf5 {aiming for ...f4.} 19. Ree1 $2 (19. f4 $17 {keeps fighting.}) 19... f4 $19 20. Ne4 $2 (20. Re4) 20... Kh8 21. Kh1 {Now Rg1 and White clings on.} Rg8 $2 (21... Re6 $19 22. Rg1 Rh6) 22. Rg1 $15 Qh5 23. Qe2 {Strongly threatening Nf6.} Re6 $40 {[%mdl 128] Hoping for ...Reg6. Black mounts an attack.} 24. Rxg8+ Kxg8 25. Rg1+ Rg6 $2 {[%mdl 8192]} (25... Kf8 $11 26. Ng5 Re7) 26. Rxg6+ $4 {[%mdl 8192]} (26. Nf6+ $1 $18 Kf7 27. Nxh5) 26... hxg6 $4 {[%mdl 8192]} (26... Qxg6 $19 27. Ng3 Qg5) 27. Nf6+ $18 {[%mdl 64] Double Attack} Kf7 28. Nxh5 gxh5 29. Qe4 Bd7 30. Qxe5 b5 31. Qf5+ $4 {[%mdl 8192]} (31. Qxh5+ $18 Kf6 32. Qxc5) 31... Bxf5 $19 32. c3 c4 33. Kg2 {[#]} cxd3 {Accuracy: White = 30%, Black = 42%.} (33... Bh3+ $142 $1 {[%mdl 512]} 34. Kxh3 cxd3 35. Kg2 d2 36. Kh3 d1=Q 37. Kg2 {[#]} Qb1 $1 {[%mdl 512]} 38. h3 Qxa2 39. h4 Qxb2 40. Kg1 Qxc3 41. Kg2 b4 42. Kh1 b3 43. Kg2 b2 44. Kh3 Qxf3+ {[%mdl 64] Double Attack} 45. Kh2 Qxf2+ {[%mdl 64] Double Attack} 46. Kh3 Qg3#) 0-1

[Event "Stay Safe Play From Home 299"]
[Site "Emanuel Lasker Arena"]
[Date "2020.07.13"]
[Round "8"]
[White "Trotsky"]
[Black "Cirovicz"]
[Result "0-1"]
[WhiteElo "1574"]
[BlackElo "1950"]
[Annotator "TA"]
[PlyCount "92"]
[EventDate "2020.07.13"]
[EventType "swiss (blitz)"]

{[%evp 13,92,30,28,7,12,16,13,20,35,17,17,24,13,17,71,0,19,-32,0,-56,0,-32,-41,-65,-54,-176,-88,-120,-106,-1080,-1074,-29997,-606,-1506,-1278,-1191,-1187,-1166,-1144,-1150,-879,-1501,-562,-695,-662,-855,-636,-1043,-896,-940,-931,-1268,-1145,-1169,0,0,0,-23,-25,-27,-31,-31,-31,-41,-41,-65,0,-203,-191,-1435,-399,-1643,-761,-740,-8,-741,571,571,560,551,543]} 1. d4 e6 2. e3 Nf6 3. c4 d5 4. Nc3 dxc4 5. Bxc4 c5 6. Nf3 cxd4 7. exd4 Nc6 8. Be3 {D26: Queen's Gambit Accepted: 4 e3 e6 5 Bxc5 c5 sidelines.} Bb4 9. a3 Bxc3+ 10. bxc3 {The position is equal.} Nd5 {[#]} 11. Qc2 $146 (11. Bd2 {is more complex.} O-O 12. O-O b6 13. Bd3 Nf6 14. Re1) ({Predecessor:} 11. Bd2 Qc7 12. O-O O-O 13. Qe2 Nce7 14. Ne5 b5 15. Bd3 Ng6 16. Be4 a6 17. Rfc1 {1-0 (35) Schmid,H (2162)-Klein,G (1979) Dresden 2012}) 11... Nxe3 12. fxe3 O-O 13. Bd3 f5 (13... g6 $11) 14. h4 ({White should try} 14. e4 $16) 14... Qc7 15. O-O-O (15. O-O $11) 15... Qg3 16. Ng5 (16. e4 $11) 16... a5 (16... Na5 $15) 17. Rh3 Qd6 18. g4 Qxa3+ 19. Kb1 {[#]} (19. Kd2 $15) 19... fxg4 (19... Ne7 $1 $19 {[%cal Re7d5] Strongly threatening ...Nd5.} 20. Bc4 b5) 20. Bxh7+ $17 Kh8 21. Bg8 $2 {[%mdl 8192]} (21. Rh2 $17) 21... Rf5 $19 {( -> ...Rb5+)} 22. Bh7 Nb4 (22... Rb5+ $142 23. Qb3 Qxb3+ 24. Kc1 Qb2#) 23. Nf7+ Kxh7 24. Ng5+ Kg6 25. Qb2 Qxb2+ 26. Kxb2 Nd5 27. Ne4 Bd7 28. h5+ Kh7 29. Rh4 b5 {[%cal Bb7b5,Bb5b4][%mdl 32]} 30. Rdh1 b4 31. h6 bxc3+ 32. Kc2 Nxe3+ 33. Kd3 Nd5 $2 {[#]} (33... Bb5+ $19 34. Kxc3 Rc8+ 35. Kb3 g5) 34. hxg7+ $11 Kxg7 ({Much worse is} 34... Kg6 $6 35. Rxg4+ Kf7 36. Nd6+ Ke7 37. Nxf5+ exf5 38. g8=Q $16) 35. Rh7+ Kf8 36. Rh8+ Ke7 37. R1h7+ Rf7 38. Rxf7+ Kxf7 39. Rxa8 $15 {[%mdl 4096] Endgame KRN-KBN} a4 ({Black should play} 39... Bb5+ $15 40. Kc2 Ba4+ 41. Kd3 c2) 40. Nd6+ $2 (40. Ra7 $11 Ke8 41. Ra8+ Kf7 42. Ra7) 40... Ke7 $19 41. Nc4 $2 (41. Ne4) 41... g3 $2 (41... Bb5 42. Kc2 Bxc4 43. Rxa4 g3) 42. Na3 $2 (42. Rg8 g2 43. Kc2) 42... g2 (42... Be8 $142 43. Ke2 Nf4+ 44. Ke3 g2) 43. Rg8 Nf4+ $2 (43... Kf6 $19 44. Ke2 Bc6) 44. Ke4 $2 {[%mdl 8192]} (44. Ke3 $11 Nd5+ 45. Kf2) 44... Bc6+ $4 {[%mdl 8192]} (44... Nh3 $19 {avoids the disaster.} 45. Kd3 g1=Q 46. Rxg1 Nxg1 47. Kxc3 Ne2+ 48. Kd3 Nf4+ 49. Kc3 Nd5+ 50. Kd2 Bc6) 45. Kxf4 $18 Kf6 46. Rg3 Kf7 {[%mdl 32768] Accuracy: White = 23%, Black = 38%. . Sensor Board Error (Ke4/e5)?} 0-1

[Event "Stay Safe Play From Home 299"]
[Site "Emanuel Lasker Arena"]
[Date "2020.07.13"]
[Round "9"]
[White "Broken sword"]
[Black "NeatFox"]
[Result "1-0"]
[WhiteElo "2420"]
[BlackElo "1834"]
[Annotator "TA"]
[PlyCount "73"]
[EventDate "2020.07.13"]
[EventType "swiss (blitz)"]

{[%evp 9,72,65,98,99,106,91,98,79,149,133,114,137,181,156,253,261,311,305,300,291,447,447,29972,1063,1039,1018,1306,1306,1292,1291,1245,1235,1190,1099,29986,29987,29989,29990,29990,29991,29991,29992,29996,29993,29993,29972,29970,29967,6187,5285,29994,6342,5381,2372,29987,29988,29988,29989,29992,29990,29997,29990,29998,29999,29999]} 1. d4 c6 2. Nf3 d5 3. c4 dxc4 4. Nc3 g6 5. e4 Bg7 6. Bxc4 {D11: Slav Defence: 3 Nf3 sidelines and 3...Nf6 4 e3 Bg4.} Nf6 7. h3 O-O 8. O-O {White is better.} e6 {[#]} ({Black should try} 8... b5) 9. e5 $146 {And now Bg5 would win.} ({Predecessor:} 9. Bg5 Qc7 10. Rc1 Nbd7 11. e5 Nd5 12. Bxd5 exd5 13. Nxd5 Qa5 14. Ne7+ {1-0 (35) Reis,G (1956)-Bach,O (1469) Playchess.com INT 2020}) 9... Nd5 10. Ne4 Qb6 11. Bg5 f6 (11... Nd7 $16) 12. Bxd5 $18 cxd5 13. Nxf6+ ({Less strong is} 13. exf6 Bh8 $16) 13... Bxf6 14. Bxf6 Rxf6 (14... Nd7 {was necessary.} 15. Be7 Rf7) 15. exf6 Kf7 (15... Nd7 $18 16. f7+ {[%mdl 64] Decoy} Kxf7 17. Ng5+ Kg7) 16. Qd2 (16. Ne5+ $142 Kg8 17. f7+ Kg7 18. f8=Q+ $1 {[%mdl 576] Decoy} Kxf8 19. Qf3+ Ke7 20. Qf7+ {[%mdl 64] Double Attack} Kd6 21. Qf8+ {[%mdl 64] Double Attack} Kc7 22. Qe7+ {[%mdl 64] Double Attack} Bd7 23. Rac1+ Qc6 24. Rxc6+ bxc6 25. Rc1) 16... Kxf6 17. Qh6 {[%cal Rh6f8]} Qc7 18. Ne5 {Qf8+ would kill now.} Qg7 19. Qh4+ g5 20. Qg3 Ke7 21. f4 h6 22. fxg5 hxg5 23. Rf7+ Qxf7 24. Nxf7 Kxf7 25. Rf1+ Ke7 26. Qxg5+ Kd6 27. Rf7 Nd7 28. Qe7+ Kc6 29. Qxe6+ Kb5 30. Rxd7 (30. Qxd5+ $142 Ka6 31. b4 b6 {[#]} 32. Qc6 $1 {[%mdl 512]} Nc5 33. dxc5 Bd7 34. Rxd7 Rh8 35. Qa4#) 30... Bxd7 31. Qxd7+ {[%mdl 4096] Endgame KQ-KR} (31. Qxd5+ $142 Kb6 32. Qxd7) 31... Kb6 32. Qd6+ {White mates.} Ka5 33. Qxd5+ b5 {[#]} 34. Qc5 $1 a6 35. b4+ Ka4 36. Qc3 {[%csl Ga2][%cal Rc3b3]} Rc8 37. Qb3# {Accuracy: White = 79%, Black = 41%.} 1-0

[Event "Stay Safe Play From Home 299"]
[Site "Emanuel Lasker Arena"]
[Date "2020.07.13"]
[Round "9"]
[White "AChessPlayer"]
[Black "Weltszmerc"]
[Result "1-0"]
[WhiteElo "2387"]
[BlackElo "2170"]
[Annotator "TA"]
[PlyCount "105"]
[EventDate "2020.07.13"]
[EventType "swiss (blitz)"]

{[%evp 18,105,0,0,-10,-10,-10,-43,-14,-18,-18,-24,-16,-20,-52,-90,-45,-514,-519,-655,-342,-326,-315,-326,-335,-354,-348,-438,-300,-297,-308,-296,-301,-508,-477,-441,-351,-416,-349,-314,-241,-308,-195,-387,-335,-352,-340,-415,-412,-510,-510,-511,-366,-353,-365,-310,-216,-266,-118,-127,-126,-200,0,0,0,-113,49,0,32,-108,-59,-95,48,52,210,197,206,209,197,202,185,186,643,645,920,920,905,854,809,766]} 1. Nf3 Nf6 2. g3 d5 3. Bg2 c6 4. O-O Bf5 5. d3 e6 6. Nbd2 Bc5 7. b3 h6 8. Bb2 O-O 9. c4 Nbd7 10. a3 a5 {A12: English Opening: 1...c6 with b3 by White.} 11. Qc2 Re8 {[#]} 12. cxd5 $146 ({Predecessor:} 12. h3 Qe7 13. Rfe1 e5 14. e4 dxe4 15. dxe4 Bh7 16. Re2 Red8 17. Qc3 Ne8 18. Nf1 {½-½ (34) Hickl,J (2605)-Olivier,J (2371) Switzerland 2011}) 12... exd5 {Black is slightly better.} 13. Rfe1 Qb6 14. e3 Bh7 15. Nd4 Bf8 16. Rac1 Ne5 17. h3 $2 {[%mdl 8192]} (17. Bf1 $1 $15) 17... Nxd3 $19 18. Qc3 Nxc1 19. Qxc1 Ne4 20. Nxe4 Bxe4 21. Bxe4 dxe4 (21... Rxe4 22. a4 $19) 22. Nf5 Qc5 23. Qxc5 Bxc5 24. Nxg7 Red8 25. Re2 $2 (25. Nh5) 25... Rd1+ 26. Kg2 Rad8 {aiming for ...R8d2.} 27. Bc3 b6 28. Nh5 Be7 29. Rc2 R8d3 ({Don't take} 29... Bxa3 30. Be5 $19) 30. a4 $2 (30. Bf6 Bxf6 31. Nxf6+ Kf8 32. Rxc6) 30... c5 31. g4 Rb1 32. Ng3 Rxb3 33. Be5 f6 34. Bf4 {[#]} h5 $1 35. gxh5 (35. Nxh5 Rb4) 35... Kf7 36. Nxe4 f5 37. Ng3 Bh4 (37... Rd5 $19 {and Black stays clearly on top.} 38. Ne2 Rb4) 38. Nxf5 $17 Bf6 39. h6 (39. Kf3 $17) 39... Rdc3 $2 (39... Kg6 $19 40. Ng3 Rb4) 40. Rd2 $11 Rd3 $1 {[%cal Rd3d2]} 41. Re2 (41. Rc2 $1 $11 {remains equal.}) 41... Rdc3 $2 (41... Kg6 $17 42. e4 Rb4) 42. h7 {[#] Hoping for Nd6+.} (42. e4 $5 {[%cal Re4e5]} Kg6 43. e5 $11) 42... Kg6 43. e4 (43. Ne7+ $1 $14 Kxh7 44. Nd5 {[%mdl 64] Double Attack}) 43... Kxh7 44. e5 Bd8 (44... Rf3 $17 45. Re3 Rfxe3 46. fxe3 Bh8) 45. e6 $14 {And now e7 would win.} Kg6 $2 (45... Rxh3 $14 46. Bg3 Rh5) 46. e7 $18 Bxe7 47. Nxe7+ Kf7 48. Bg3 Rd3 49. Nc8 Rxg3+ $2 (49... Rd8) 50. fxg3 {White is clearly winning.} c4 51. Nd6+ Kf6 52. Nxc4 Rb4 53. Ne3 {Never resign too early! Accuracy: White = 40%, Black = 35%.} 1-0

[Event "Stay Safe Play From Home 299"]
[Site "Emanuel Lasker Arena"]
[Date "2020.07.13"]
[Round "9"]
[White "Lamborghini"]
[Black "SoulofWolf"]
[Result "1-0"]
[WhiteElo "2140"]
[BlackElo "2172"]
[Annotator "TA"]
[PlyCount "121"]
[EventDate "2020.07.13"]
[EventType "swiss (blitz)"]

{[%evp 9,121,46,48,49,51,44,44,37,21,20,59,56,55,62,54,58,65,60,152,128,102,104,118,95,149,152,145,137,399,381,411,402,395,399,396,390,352,354,497,495,617,612,591,560,731,473,473,478,456,441,556,562,626,546,624,534,565,554,677,658,757,766,760,716,5218,716,681,0,764,688,785,773,891,855,985,975,29990,6596,29986,897,29989,1175,1164,-43,-43,-195,-14,-4718,6,-4714,-4714,-29989,-29990,-29990,-29990,-29990,-29990,-29990,-29989,-29989,-29986,-29991,-29988,-29988,-29988,-29988,-29989,-29992,-29993,-29993,-29993,-29993,-29989,-29994]} 1. e4 d6 2. d4 c5 3. Nf3 cxd4 4. Nxd4 Bd7 5. Nc3 a6 {[#]} 6. Bg5 $146 {B54: Sicilian: 2...d6 3 d4 cxd4 4 Nxd4, Unusual Lines .} ({Predecessor:} 6. Be2 Nf6 7. O-O g6 8. Be3 Bg7 9. Qd2 Nc6 10. Rad1 Rc8 11. a3 O-O 12. f4 {0-1 (52) Nguyen,N (1817)-Nguyen,T (1544) Ho Chi Minh 2019}) 6... h6 7. Bh4 g5 8. Bg3 {White is slightly better.} Bg7 9. Qd2 Nf6 10. f3 Nc6 11. Bf2 Ne5 12. O-O-O Rc8 13. Kb1 O-O ({Better is} 13... b5 $14) 14. h4 g4 15. Be3 h5 16. f4 Nc4 (16... Nc6 $142) 17. Bxc4 $1 $16 Rxc4 {[#]} 18. e5 $1 {[%cal Re5f6]} dxe5 $2 {[%mdl 8192]} (18... Nh7 $16) 19. fxe5 $18 Nh7 20. Nb3 Bxe5 21. Qxd7 Qxd7 22. Rxd7 Bxc3 23. bxc3 Rxc3 (23... Nf6 $142) 24. Rxe7 Nf6 {intending ...Nd5.} 25. Bd4 Rc6 26. Rxb7 Rfc8 27. Bxf6 Rxf6 28. Rd1 Rf2 29. Rd2 Rf1+ 30. Kb2 Rf6 31. Nd4 Kg7 32. Rd3 Kg6 33. g3 a5 34. Ne2 a4 35. Nf4+ Kh6 36. Rb5 Kg7 37. Rg5+ Kf8 38. Rb5 $2 (38. Rxh5 $18 {Threatens to win with Rh8+.} Rb6+ 39. Kc1) 38... a3+ $2 {[%mdl 8192]} (38... Kg7 $11 39. Nxh5+ {[%mdl 64] Double Attack} Kh8 40. Nxf6 Kg7 41. Nxg4 Rc6) 39. Kb3 Ra6 40. c4 Kg7 41. Rdd5 Kh7 42. Rg5 f6 {[#]} 43. Rxh5+ (43. Rg6 $142 $1 Rb8 44. Rxb8 Ra7 45. Rxf6 Kg7 46. Nxh5+ Kh7 47. c5 Re7 48. c6) 43... Kg7 44. Rhd5 (44. Rb7+ $142 Kg8 45. Ng6 Rb6+ 46. Rxb6 Rc7 47. Rxf6 Rb7+ 48. Kxa3 Ra7+ 49. Kb4) 44... Kf7 45. h5 (45. Rd7+ $142 Kg8 46. Ng6 f5 47. Ne7+ {[%mdl 64] Double Attack} Kg7 48. Nxc8+ Kf6 49. Rb6+ Rxb6+ 50. Nxb6) 45... Rc7 46. Rd6 $2 (46. Rd8 $18) 46... Rxd6 $15 {[%mdl 4096] Endgame KRR-KRN} 47. Kb4 $2 (47. c5 $15 Rd1 48. h6) 47... Rcd7 $2 (47... Rd4 $19 48. Kxa3 Rdxc4) 48. Rb7 $2 {[%mdl 8192]} (48. Kxa3 $11 Ra6+ 49. Kb4) 48... Kg7 $2 ({Black should try} 48... Rxb7+ $19 49. Kc3 Rb2) 49. Kc5 $2 {[%mdl 8192]} (49. Rxd7+ $11 Rxd7 50. c5 Rb7+ 51. Kxa3) 49... Rxb7 $19 50. Ne6+ Rxe6 {Black mates.} 51. Kd5 {[#]} Rb2 $1 52. Kxe6 {KR-KP} Rd2 53. c5 Re2+ 54. Kd7 Kh6 55. Kc6 Rd2 56. Kb5 Rc2 57. c6 Rxa2 58. Kb6 Rb2+ 59. Kc7 {[#]} Rc2 $1 60. Kd7 {[#]} Rxc6 $1 61. Ke7 {[%mdl 32768] What a bad dream for White. Accuracy: White = 58%, Black = 31%. . Sensor Board Error (Ke4/e5)?} (61. Kxc6 a2) 1-0